[Event "Montreal-B"]
[Site "Montreal CAN"]
[Date "2004.08.14"]
[Round "10"]
[White "Arencibia Rodriguez, Walter"]
[Black "Lawson, Eric"]
[Result "1/2-1/2"]
[WhiteElo "2531"]
[BlackElo "2276"]
[PlyCount "73"]
[GameId "2160767911094711"]
[EventDate "2004.08.04"]
[EventType "tourn"]
[EventRounds "11"]
[EventCountry "CAN"]
[EventCategory "8"]
[SourceTitle "CBM 101 Extra"]
[Source "ChessBase"]
[SourceDate "2004.09.01"]
[SourceVersion "2"]
[SourceVersionDate "2004.09.01"]
[SourceQuality "1"]

1. d4 Nf6 2. Nf3 b6 3. Bg5 g6 4. Bxf6 exf6 5. e4 Bg7 6. Bd3 O-O 7. O-O c5 8. c3 Nc6 9. dxc5 bxc5 10. Na3 f5 11. exf5 d5 12. fxg6 hxg6 13. Qa4 Bd7 14. Bb5 Qb6 15. Qh4 a6 16. Bxc6 Bxc6 17. Rab1 Rfe8 18. Nc2 d4 19. cxd4 Be4 20. Rbc1 cxd4 21. Na3 Qxb2 22. Nc4 Qb4 23. Qf4 Bd5 24. a3 Qb8 25. Qg4 Qb3 26. Nxd4 Qa4 27. Nb6 Qxd4 28. Qxd4 Bxd4 29. Nxa8 Bxa8 30. Rfd1 Bb2 31. Rc2 Bxa3 32. Ra2 Bb4 33. Rxa6 Bd5 34. h4 Be6 35. Rda1 Kg7 36. Ra8 Rxa8 37. Rxa8 1/2-1/2

[Event "Montreal-B"]
[Site "Montreal CAN"]
[Date "2004.08.14"]
[Round "10"]
[White "Krnan, Tomas"]
[Black "Barbeau, Sylvain"]
[Result "1-0"]
[WhiteElo "2331"]
[BlackElo "2404"]
[PlyCount "75"]
[GameId "2160767911094713"]
[EventDate "2004.08.04"]
[EventType "tourn"]
[EventRounds "11"]
[EventCountry "CAN"]
[EventCategory "8"]
[SourceTitle "CBM 101 Extra"]
[Source "ChessBase"]
[SourceDate "2004.09.01"]
[SourceVersion "2"]
[SourceVersionDate "2004.09.01"]
[SourceQuality "1"]

1. e4 e5 2. Nf3 Nc6 3. Bb5 a6 4. Ba4 d6 5. c3 f5 6. exf5 Bxf5 7. O-O Bd3 8. Re1 Be7 9. Re3 e4 10. Ne1 Bg5 11. Rh3 Nf6 12. Nxd3 exd3 13. Bxc6+ bxc6 14. Rxd3 O-O 15. Rf3 Nd5 16. Rxf8+ Qxf8 17. d4 Bxc1 18. Qxc1 Re8 19. Nd2 Re2 20. Nf3 Nf4 21. Qf1 Nh3+ 22. Kh1 Rxf2 23. Qc4+ Kh8 24. Qxc6 Ng5 25. Re1 Nxf3 26. gxf3 Rxf3 27. Re8 Rf1+ 28. Kg2 Rf2+ 29. Kg3 Rf3+ 30. Qxf3 Qxe8 31. Qb7 Qe3+ 32. Kg4 Qg1+ 33. Kf5 h5 34. Qf3 Qxh2 35. Kg6 Qg1+ 36. Kxh5 Kh7 37. Kh4 Kh6 38. Qh5# 1-0

[Event "Montreal-B"]
[Site "Montreal CAN"]
[Date "2004.08.14"]
[Round "10"]
[White "Mikhalevski, Victor"]
[Black "Krush, Irina"]
[Result "0-1"]
[WhiteElo "2551"]
[BlackElo "2459"]
[PlyCount "80"]
[GameId "2160767911094714"]
[EventDate "2004.08.04"]
[EventType "tourn"]
[EventRounds "11"]
[EventCountry "CAN"]
[EventCategory "8"]
[SourceTitle "CBM 101 Extra"]
[Source "ChessBase"]
[SourceDate "2004.09.01"]
[SourceVersion "2"]
[SourceVersionDate "2004.09.01"]
[SourceQuality "1"]

1. d4 d5 2. c4 dxc4 3. Nf3 Nf6 4. e3 e6 5. Bxc4 c5 6. O-O a6 7. a4 Nc6 8. Qe2 cxd4 9. Rd1 Be7 10. exd4 O-O 11. Nc3 Nb4 12. Ne5 Bd7 13. h4 Bc6 14. h5 Rc8 15. Bb3 Nbd5 16. a5 Nb4 17. Bd2 Bd5 18. Nxd5 Nfxd5 19. Ra4 Nc6 20. Qf3 Qd6 21. Bxd5 exd5 22. Ng4 h6 23. Re1 Rfe8 24. Bf4 Qd7 25. Bxh6 f5 26. Ne3 gxh6 27. Nxd5 Bg5 28. Rd1 Rcd8 29. Nc3 Qf7 30. d5 Ne5 31. Qh3 Ng4 32. Rb4 Qe7 33. Re4 fxe4 34. Qxg4 Qd7 35. Qg3 Qd6 36. Qg4 e3 37. Ne4 exf2+ 38. Kxf2 Qe5 39. Re1 Kh8 40. Re2 Qxd5 0-1

[Event "Montreal-B"]
[Site "Montreal CAN"]
[Date "2004.08.14"]
[Round "10"]
[White "Stripunsky, Alexander"]
[Black "Tseitlin, Mark D"]
[Result "1-0"]
[WhiteElo "2553"]
[BlackElo "2484"]
[PlyCount "55"]
[GameId "2160767911094715"]
[EventDate "2004.08.04"]
[EventType "tourn"]
[EventRounds "11"]
[EventCountry "CAN"]
[EventCategory "8"]
[SourceTitle "CBM 101 Extra"]
[Source "ChessBase"]
[SourceDate "2004.09.01"]
[SourceVersion "2"]
[SourceVersionDate "2004.09.01"]
[SourceQuality "1"]

1. e4 c5 2. Nc3 Nc6 3. g3 g6 4. Bg2 Bg7 5. d3 e5 6. f4 d6 7. Nh3 Nge7 8. O-O Nd4 9. f5 f6 10. g4 h6 11. Nd5 Nxd5 12. exd5 gxf5 13. gxf5 h5 14. Be4 Qb6 15. Kh1 Bd7 16. c3 Nb5 17. Rg1 Bf8 18. Be3 Qd8 19. Qf3 Qa5 20. a4 Nc7 21. b4 cxb4 22. cxb4 Qxb4 23. Rab1 Qa5 24. Rxb7 Bc8 25. Rb2 Qxa4 26. Ng5 fxg5 27. f6 Bg4 28. f7+ 1-0

[Event "Montreal-B"]
[Site "Montreal CAN"]
[Date "2004.08.14"]
[Round "10"]
[White "Teplitsky, Yan"]
[Black "Divljan, Igor"]
[Result "0-1"]
[WhiteElo "2440"]
[BlackElo "2317"]
[PlyCount "128"]
[GameId "2160767911094716"]
[EventDate "2004.08.04"]
[EventType "tourn"]
[EventRounds "11"]
[EventCountry "CAN"]
[EventCategory "8"]
[SourceTitle "CBM 101 Extra"]
[Source "ChessBase"]
[SourceDate "2004.09.01"]
[SourceVersion "2"]
[SourceVersionDate "2004.09.01"]
[SourceQuality "1"]

1. d4 Nf6 2. c4 e6 3. Nf3 b6 4. Nc3 Bb4 5. Qb3 c5 6. a3 cxd4 7. axb4 dxc3 8. Qxc3 Bb7 9. Bg5 O-O 10. Nd2 h6 11. Bh4 b5 12. cxb5 a6 13. e3 g5 14. Bg3 Nd5 15. Qb3 Qe7 16. h4 g4 17. Be2 axb5 18. Rxa8 Bxa8 19. Bxg4 Na6 20. Be2 Bc6 21. e4 Ndxb4 22. O-O f5 23. Be5 Kh7 24. Qg3 Rg8 25. Qf4 Nc5 26. Bd6 Nbd3 27. Qxh6+ Kxh6 28. Bxe7 fxe4 29. Bg5+ Kh7 30. Be3 Na4 31. g4 Ndxb2 32. g5 e5 33. h5 Nc3 34. Bg4 Nd5 35. g6+ Kg7 36. Bg5 Nf6 37. Be2 Rh8 38. Bxf6+ Kxf6 39. f4 exf4 40. Rxf4+ Kg5 41. Rf7 Nd3 42. Nf3+ exf3 43. Bxd3 Kh6 44. Kf2 b4 45. Bc4 d5 46. Bd3 b3 47. Kxf3 d4+ 48. Kg4 Bd5 49. Rf6 Rd8 50. Rb6 Bg8 51. Kf5 Kxh5 52. Kf6 Kg4 53. Ke7 Rc8 54. Ba6 Ra8 55. Bb7 Ra7 56. Kf8 d3 57. Bc8+ Kg5 58. Rb5+ Kxg6 59. Kxg8 Ra8 60. Rb6+ Kg5 61. Rb5+ Kf4 62. Rxb3 Rxc8+ 63. Kf7 Rd8 64. Ke6 d2 0-1

[Event "Montreal-B"]
[Site "Montreal CAN"]
[Date "2004.08.15"]
[Round "11"]
[White "Barbeau, Sylvain"]
[Black "Mikhalevski, Victor"]
[Result "1/2-1/2"]
[WhiteElo "2404"]
[BlackElo "2551"]
[PlyCount "34"]
[GameId "2160767911094717"]
[EventDate "2004.08.04"]
[EventType "tourn"]
[EventRounds "11"]
[EventCountry "CAN"]
[EventCategory "8"]
[SourceTitle "CBM 101 Extra"]
[Source "ChessBase"]
[SourceDate "2004.09.01"]
[SourceVersion "2"]
[SourceVersionDate "2004.09.01"]
[SourceQuality "1"]

1. e4 e5 2. Nf3 Nc6 3. Bc4 Bc5 4. c3 Nf6 5. d3 d6 6. O-O Bb6 7. Nbd2 Ne7 8. Bb3 c6 9. d4 Bc7 10. Re1 O-O 11. Nf1 exd4 12. cxd4 d5 13. e5 Ne4 14. Ng5 Ba5 15. Re2 Bg4 16. f3 Bh5 17. fxe4 dxe4 1/2-1/2

[Event "Montreal-B"]
[Site "Montreal CAN"]
[Date "2004.08.15"]
[Round "11"]
[White "Divljan, Igor"]
[Black "Arencibia Rodriguez, Walter"]
[Result "0-1"]
[WhiteElo "2317"]
[BlackElo "2531"]
[PlyCount "178"]
[GameId "2160767911094718"]
[EventDate "2004.08.04"]
[EventType "tourn"]
[EventRounds "11"]
[EventCountry "CAN"]
[EventCategory "8"]
[SourceTitle "CBM 101 Extra"]
[Source "ChessBase"]
[SourceDate "2004.09.01"]
[SourceVersion "2"]
[SourceVersionDate "2004.09.01"]
[SourceQuality "1"]

1. d4 Nf6 2. c4 g6 3. Nc3 Bg7 4. e4 d6 5. f4 O-O 6. Nf3 c5 7. dxc5 Qa5 8. Bd3 Qxc5 9. Qe2 Bg4 10. Be3 Qa5 11. Rc1 Nc6 12. O-O Nd7 13. Qf2 Nc5 14. Bb1 Na4 15. Nxa4 Qxa4 16. b3 Qa5 17. c5 Bxf3 18. gxf3 Rfd8 19. cxd6 Rxd6 20. e5 Rd7 21. Rc5 Qa6 22. Be4 Nb4 23. Rfc1 Rad8 24. Rc7 b6 25. Rxd7 Rxd7 26. Qf1 Qxf1+ 27. Kxf1 f5 28. exf6 Bxf6 29. a3 Nd5 30. Rc8+ Kf7 31. Bd2 e6 32. Ke2 Rd8 33. Rc4 Ke8 34. b4 Be7 35. a4 Bd6 36. b5 Bc5 37. h4 Nf6 38. Bc6+ Ke7 39. a5 Nd5 40. a6 Rf8 41. Re4 Rf5 42. Re5 Kd6 43. Re4 Rh5 44. Be1 Rf5 45. Bd2 Rh5 46. Be1 Ne7 47. Bb7 Nf5 48. Bc8 Nd4+ 49. Kd3 Nxb5 50. Bg3 Kc7 51. Bxe6 Nd6 52. Re5 Nf5 53. Be1 Bd6 54. Re4 Ng7 55. Bg8 Nf5 56. Re8 Ne7 57. Be6 Bc5 58. f5 Nxf5 59. Ra8 b5 60. Ba5+ Kd6 61. Bg8 Rxh4 62. Rd8+ Ke7 63. Rd5 Rd4+ 64. Rxd4 Nxd4 65. Ke4 Nf5 66. Kd5 Bf2 67. Bb4+ Ke8 68. Ke6 Nd4+ 69. Kf6 Nxf3 70. Bxh7 Kd7 71. Bg8 Kc6 72. Kxg6 Kb6 73. Kf5 Nd4+ 74. Ke4 Nc6 75. Bd2 Kxa6 76. Kd3 Kb6 77. Kc2 Bd4 78. Kb3 a5 79. Bd5 a4+ 80. Ka3 Bc5+ 81. Ka2 b4 82. Bg5 Kb5 83. Bf6 Na5 84. Bd8 Nc4 85. Bf6 b3+ 86. Ka1 Kb4 87. Bf7 Bd6 88. Bg5 Be5+ 89. Kb1 Na3+ 0-1

[Event "Montreal-B"]
[Site "Montreal CAN"]
[Date "2004.08.15"]
[Round "11"]
[White "Krush, Irina"]
[Black "Teplitsky, Yan"]
[Result "0-1"]
[WhiteElo "2459"]
[BlackElo "2440"]
[PlyCount "86"]
[GameId "2160767911094719"]
[EventDate "2004.08.04"]
[EventType "tourn"]
[EventRounds "11"]
[EventCountry "CAN"]
[EventCategory "8"]
[SourceTitle "CBM 101 Extra"]
[Source "ChessBase"]
[SourceDate "2004.09.01"]
[SourceVersion "2"]
[SourceVersionDate "2004.09.01"]
[SourceQuality "1"]

1. d4 g6 2. c4 Bg7 3. e4 d6 4. Nc3 Nc6 5. Be3 e5 6. d5 Nce7 7. g4 Nf6 8. f3 h5 9. g5 Nh7 10. h4 f6 11. Bh3 fxg5 12. hxg5 O-O 13. Qe2 a6 14. O-O-O b5 15. cxb5 axb5 16. Qxb5 Bxh3 17. Rxh3 Rb8 18. Qd3 Rb4 19. Rh2 Qa8 20. a3 Rb3 21. Qc4 Rfb8 22. Rd3 Qa5 23. Nd1 R3b7 24. Rc3 Nf8 25. Rhc2 Nd7 26. b4 Qa8 27. Nb2 Nb6 28. Qb3 Ra7 29. Kb1 Kh7 30. Bxb6 Rxb6 31. Nc4 Rb5 32. Kb2 Qb8 33. Nd2 Rab7 34. Rc4 Nc8 35. Ka2 Qa7 36. Nh3 Nb6 37. Rc6 Nxd5 38. exd5 Rxb4 39. Qc3 e4 40. Qxb4 Rxb4 41. Nxe4 Qa4 42. Nd2 Qb5 43. Rxc7 Rb2+ 0-1

[Event "Montreal-B"]
[Site "Montreal CAN"]
[Date "2004.08.15"]
[Round "11"]
[White "Lawson, Eric"]
[Black "Stripunsky, Alexander"]
[Result "0-1"]
[WhiteElo "2276"]
[BlackElo "2553"]
[PlyCount "84"]
[GameId "2160767911094720"]
[EventDate "2004.08.04"]
[EventType "tourn"]
[EventRounds "11"]
[EventCountry "CAN"]
[EventCategory "8"]
[SourceTitle "CBM 101 Extra"]
[Source "ChessBase"]
[SourceDate "2004.09.01"]
[SourceVersion "2"]
[SourceVersionDate "2004.09.01"]
[SourceQuality "1"]

1. e4 c5 2. Nf3 e6 3. d4 cxd4 4. Nxd4 a6 5. Nc3 Qc7 6. Be2 Nf6 7. O-O Nc6 8. Kh1 Nxd4 9. Qxd4 Bc5 10. Qd2 O-O 11. Qg5 Bd4 12. Bd3 Qe5 13. Qxe5 Bxe5 14. f4 Bd4 15. e5 Ng4 16. Nd1 f6 17. h3 Nh6 18. c3 Ba7 19. exf6 Rxf6 20. Be3 d5 21. Bxa7 Rxa7 22. Ne3 b6 23. g4 Rf8 24. f5 exf5 25. g5 Nf7 26. Bxf5 Re7 27. Bxc8 Rxe3 28. g6 Rxc8 29. gxh7+ Kxh7 30. Rxf7 Rxh3+ 31. Kg2 Rh6 32. Re1 Rcc6 33. Ree7 Rcg6+ 34. Kf3 Rh3+ 35. Kf4 Rh2 36. b4 Rxa2 37. Re3 Rf2+ 38. Rf3 Rxf3+ 39. Kxf3 Rf6+ 40. Rxf6 gxf6 41. Ke3 a5 42. b5 a4 0-1

[Event "National Capital op"]
[Site "Ottawa CAN"]
[Date "2004.10.23"]
[Round "1"]
[White "Mai, Lloyd"]
[Black "Pacey, Kevin"]
[Result "1/2-1/2"]
[WhiteElo "1990"]
[BlackElo "2229"]
[PlyCount "39"]
[GameId "2160767911060939"]
[EventDate "2004.10.23"]
[EventType "swiss"]
[EventRounds "5"]
[EventCountry "CAN"]

1. e4 e5 2. Nf3 Nc6 3. Bc4 Nf6 4. d3 Bc5 5. c3 d6 6. h3 Bb6 7. O-O h6 8. Re1 O-O 9. Nbd2 Ne7 10. Nf1 Ng6 11. Ng3 c6 12. Bb3 Nf4 13. d4 Bc7 14. dxe5 dxe5 15. Bxf4 exf4 16. Nf5 Bxf5 17. exf5 Qxd1 18. Raxd1 Rfe8 19. Kf1 Kf8 20. a4 1/2-1/2

[Event "National Capital op"]
[Site "Ottawa CAN"]
[Date "2004.10.23"]
[Round "2"]
[White "Pacey, Kevin"]
[Black "Hubley, Roger"]
[Result "1-0"]
[WhiteElo "2229"]
[BlackElo "2038"]
[PlyCount "72"]
[GameId "2160767911060940"]
[EventDate "2004.10.23"]
[EventType "swiss"]
[EventRounds "5"]
[EventCountry "CAN"]

1. d4 Nf6 2. c4 e6 3. g3 c5 4. Nf3 cxd4 5. Nxd4 Nc6 6. Bg2 Bb4+ 7. Nc3 O-O 8. O-O Qa5 9. Nb3 Qh5 10. Bf4 d5 11. cxd5 exd5 12. Nxd5 Nxd5 13. Bxd5 Bg4 14. f3 Bh3 15. g4 Qg6 16. Rf2 Rad8 17. e4 h5 18. g5 Kh8 19. Qc1 Rc8 20. Qe3 f6 21. Kh1 fxg5 22. Bxg5 b6 23. f4 Bd7 24. f5 Qe8 25. f6 gxf6 26. Bxf6+ Kh7 27. Qg5 Qg6 28. Qxg6+ Kxg6 29. Rg1+ Bg4 30. e5 Nxe5 31. Be4+ Kh6 32. h3 Rc4 33. Bd5 Bf3+ 34. Rxf3 Nxf3 35. Bg7+ Kh7 36. Bxf8 Rc2 1-0

[Event "National Capital op"]
[Site "Ottawa CAN"]
[Date "2004.10.23"]
[Round "3"]
[White "De Kerpel, Stijn"]
[Black "Pacey, Kevin"]
[Result "0-1"]
[WhiteElo "2122"]
[BlackElo "2229"]
[PlyCount "88"]
[GameId "2160767911060941"]
[EventDate "2004.10.23"]
[EventType "swiss"]
[EventRounds "5"]
[EventCountry "CAN"]

1. c4 e6 2. g3 d5 3. Bg2 c5 4. Nf3 Nc6 5. cxd5 exd5 6. d4 Nf6 7. O-O Be7 8. Nc3 O-O 9. dxc5 Bxc5 10. Bg5 d4 11. Ne4 Be7 12. Nxf6+ Bxf6 13. Bxf6 Qxf6 14. Qd2 Bg4 15. h3 Bh5 16. Rfe1 Rfe8 17. Nh2 Rad8 18. Rac1 Qe6 19. g4 Bg6 20. b3 h5 21. Kf1 Be4 22. f3 Bg6 23. Qf4 hxg4 24. Nxg4 Nb4 25. Qd2 Nd5 26. f4 Ne3+ 27. Nxe3 dxe3 28. Qb4 Qf6 29. Kg1 Be4 30. Bxe4 Rd4 31. Qxb7 Rdxe4 32. Rf1 Rxf4 33. Rxf4 Qxf4 34. Qf3 Qg5+ 35. Qg2 Qe5 36. Qg4 Re6 37. Kh1 Rg6 38. Qf3 Rg3 39. Qf1 Qe6 40. Kh2 Rg6 41. Qf3 Qe5+ 42. Kh1 Rf6 43. Qg4 Rf4 44. Qg2 Rf2 0-1

[Event "National Capital op"]
[Site "Ottawa CAN"]
[Date "2004.10.24"]
[Round "4"]
[White "Pacey, Kevin"]
[Black "Kirby, Patrick"]
[Result "1-0"]
[WhiteElo "2229"]
[BlackElo "2153"]
[PlyCount "67"]
[GameId "2160767911060942"]
[EventDate "2004.10.23"]
[EventType "swiss"]
[EventRounds "5"]
[EventCountry "CAN"]

1. d4 Nf6 2. c4 e6 3. Nf3 d5 4. Nc3 Nbd7 5. Bg5 c6 6. e3 Qa5 7. Nd2 dxc4 8. Bxf6 Nxf6 9. Nxc4 Qc7 10. Bd3 Be7 11. Qc2 O-O 12. O-O h6 13. a3 Bd7 14. b4 Rac8 15. Ne5 Be8 16. Rac1 Bd6 17. f4 a5 18. Qb3 axb4 19. Nb5 Qb8 20. Nxd6 Qxd6 21. Nc4 Qe7 22. Nb6 Rd8 23. Qxb4 Qxb4 24. axb4 Nd5 25. Nxd5 exd5 26. Ra1 Bd7 27. Ra7 Rb8 28. Kf2 Rfe8 29. Rb1 Rec8 30. Rc1 Kf8 31. b5 Ke7 32. bxc6 Bxc6 33. Bf5 Ra8 34. Rxc6 1-0

[Event "Northern Alberta op"]
[Site "Edmonton CAN"]
[Date "2004.02.21"]
[Round "1"]
[White "Dean, Tim"]
[Black "Gardner, Robert"]
[Result "0-1"]
[WhiteElo "1841"]
[BlackElo "2257"]
[PlyCount "72"]
[GameId "2160767911183729"]
[EventDate "2004.02.21"]
[EventType "swiss"]
[EventRounds "5"]
[EventCountry "CAN"]
[SourceTitle "EXT 2006"]
[Source "ChessBase"]
[SourceDate "2005.11.24"]
[SourceVersion "1"]
[SourceVersionDate "2005.11.24"]
[SourceQuality "1"]

1. e4 c5 2. Nf3 d6 3. d4 cxd4 4. Nxd4 Nf6 5. Nc3 a6 6. Bg5 e6 7. f4 Be7 8. Qf3 Qc7 9. O-O-O Nc6 10. Nb3 Bd7 11. g4 Na5 12. Bxf6 Nxb3+ 13. axb3 Bxf6 14. g5 Be7 15. Rg1 Rc8 16. f5 b5 17. Bd3 b4 18. Nb1 a5 19. g6 hxg6 20. fxg6 f6 21. Bc4 a4 22. Rg3 a3 23. bxa3 bxa3 24. Nxa3 d5 25. Nb5 Qa5 26. exd5 Bxb5 27. Bxb5+ Qxb5 28. d6 Bxd6 29. Rxd6 Qe5 30. Qd3 Qa1+ 31. Kd2 Rxh2+ 32. Ke3 Qe1+ 33. Kf3 Rf2+ 34. Kg4 Qe5 35. Kh4 Qf4+ 36. Kh3 Qh6+ 0-1

[Event "Northern Alberta op"]
[Site "Edmonton CAN"]
[Date "2004.02.21"]
[Round "2"]
[White "Gardner, Robert"]
[Black "Wong, Ford"]
[Result "1-0"]
[WhiteElo "2257"]
[BlackElo "1875"]
[PlyCount "51"]
[GameId "2160767911183730"]
[EventDate "2004.02.21"]
[EventType "swiss"]
[EventRounds "5"]
[EventCountry "CAN"]
[SourceTitle "EXT 2006"]
[Source "ChessBase"]
[SourceDate "2005.11.24"]
[SourceVersion "1"]
[SourceVersionDate "2005.11.24"]
[SourceQuality "1"]

1. e4 g6 2. d4 Bg7 3. Nc3 d6 4. Be3 c6 5. a4 Qa5 6. Bc4 Nf6 7. f3 Nbd7 8. Nge2 e5 9. O-O O-O 10. Qd2 a6 11. Kh1 Rd8 12. Bh6 Nf8 13. Bxg7 Kxg7 14. f4 Qc7 15. fxe5 dxe5 16. Qg5 N8d7 17. Ng3 exd4 18. Nh5+ Kh8 19. Nxf6 dxc3 20. Nxd7 Rxd7 21. Qf6+ Kg8 22. Rad1 Re7 23. Bxf7+ Rxf7 24. Rd8+ Qxd8 25. Qxd8+ Rf8 26. Qxf8# 1-0

[Event "Northern Alberta op"]
[Site "Edmonton CAN"]
[Date "2004.02.22"]
[Round "2"]
[White "Reeve, Jeff"]
[Black "Boik, Andrew"]
[Result "1-0"]
[WhiteElo "2386"]
[BlackElo "1975"]
[PlyCount "79"]
[GameId "2160767911183731"]
[EventDate "2004.02.21"]
[EventType "swiss"]
[EventRounds "5"]
[EventCountry "CAN"]
[SourceTitle "EXT 2006"]
[Source "ChessBase"]
[SourceDate "2005.11.24"]
[SourceVersion "1"]
[SourceVersionDate "2005.11.24"]
[SourceQuality "1"]

1. Nf3 Nf6 2. c4 e6 3. Nc3 d5 4. d4 Be7 5. Bg5 Nbd7 6. cxd5 exd5 7. e3 O-O 8. Bd3 c6 9. O-O Ne4 10. Bxe4 Bxg5 11. Nxg5 Qxg5 12. Bd3 Nf6 13. Qc2 Re8 14. Rae1 Bg4 15. f3 Be6 16. Qf2 Rad8 17. g4 Nd7 18. Kh1 f5 19. h4 Qf6 20. g5 Qf7 21. Ne2 Nf8 22. Rg1 Bc8 23. Rg3 g6 24. f4 Re6 25. Ng1 Nd7 26. Rh3 c5 27. Nf3 c4 28. Bc2 b5 29. h5 Rde8 30. hxg6 hxg6 31. Kg2 Qg7 32. Kg3 b4 33. Ba4 c3 34. bxc3 bxc3 35. Ne5 Nxe5 36. dxe5 Ba6 37. Reh1 Rb8 38. Qh2 Rb2 39. Rh8+ Kf7 40. Qh7 1-0

[Event "Northern Alberta op"]
[Site "Edmonton CAN"]
[Date "2004.02.21"]
[Round "3"]
[White "Hughey, Micah"]
[Black "Gardner, Robert"]
[Result "0-1"]
[WhiteElo "2066"]
[BlackElo "2257"]
[PlyCount "62"]
[GameId "2160767911183732"]
[EventDate "2004.02.21"]
[EventType "swiss"]
[EventRounds "5"]
[EventCountry "CAN"]
[SourceTitle "EXT 2006"]
[Source "ChessBase"]
[SourceDate "2005.11.24"]
[SourceVersion "1"]
[SourceVersionDate "2005.11.24"]
[SourceQuality "1"]

1. e4 c5 2. c3 Nf6 3. e5 Nd5 4. d4 cxd4 5. Nf3 e6 6. cxd4 b6 7. Bd3 Bb4+ 8. Ke2 O-O 9. a3 Be7 10. Nc3 Nxc3+ 11. bxc3 Ba6 12. c4 Nc6 13. h4 Na5 14. Ke1 Bxc4 15. Bxh7+ Kxh7 16. Ng5+ Kg8 17. Qh5 Bd3 18. Rh3 Bg6 19. Qg4 Bf5 20. Qh5 Bxg5 21. Bxg5 Qc7 22. Rc1 Qb7 23. f3 Rac8 24. Rd1 Bxh3 25. Bf6 Bf5 26. Qg5 Bg6 27. h5 Qc7 28. hxg6 fxg6 29. Qxg6 Rf7 30. Rd2 Qc1+ 31. Ke2 Nb3 0-1

[Event "Northern Alberta op"]
[Site "Edmonton CAN"]
[Date "2004.02.22"]
[Round "4"]
[White "Boik, Andrew"]
[Black "Dean, Tim"]
[Result "0-1"]
[WhiteElo "1975"]
[BlackElo "1841"]
[PlyCount "56"]
[GameId "2160767911183733"]
[EventDate "2004.02.21"]
[EventType "swiss"]
[EventRounds "5"]
[EventCountry "CAN"]
[SourceTitle "EXT 2006"]
[Source "ChessBase"]
[SourceDate "2005.11.24"]
[SourceVersion "1"]
[SourceVersionDate "2005.11.24"]
[SourceQuality "1"]

1. e4 c5 2. Nf3 d6 3. d4 cxd4 4. Nxd4 Nf6 5. Nc3 a6 6. Bg5 e6 7. f4 Qb6 8. Qd2 Qxb2 9. Nb3 Qa3 10. Bxf6 gxf6 11. Be2 h5 12. O-O Be7 13. f5 Nc6 14. Rf4 h4 15. Qe1 Qb4 16. a3 Qb6+ 17. Kh1 Qe3 18. Rf3 Qg5 19. Qf2 Ne5 20. Rf4 Bd7 21. Rf1 Rc8 22. Qd4 b5 23. Nd2 Nc6 24. Qd3 b4 25. axb4 Nxb4 26. Qf3 e5 27. Rg4 Qxd2 28. Na4 Bxa4 0-1

[Event "Northern Alberta op"]
[Site "Edmonton CAN"]
[Date "2004.02.22"]
[Round "4"]
[White "Gardner, Robert"]
[Black "Reeve, Jeff"]
[Result "0-1"]
[WhiteElo "2257"]
[BlackElo "2386"]
[PlyCount "78"]
[GameId "2160767911183734"]
[EventDate "2004.02.21"]
[EventType "swiss"]
[EventRounds "5"]
[EventCountry "CAN"]
[SourceTitle "EXT 2006"]
[Source "ChessBase"]
[SourceDate "2005.11.24"]
[SourceVersion "1"]
[SourceVersionDate "2005.11.24"]
[SourceQuality "1"]

1. d4 Nf6 2. e3 g6 3. Bd3 Bg7 4. c4 O-O 5. Nc3 c5 6. Nge2 cxd4 7. exd4 d5 8. c5 Nc6 9. f4 Bg4 10. h3 Bxe2 11. Nxe2 Ne4 12. Bxe4 dxe4 13. Be3 Nb4 14. O-O Nd5 15. Qb3 Qd7 16. Rad1 e6 17. g4 f5 18. g5 h6 19. h4 hxg5 20. fxg5 Rad8 21. Bf4 Rf7 22. Bd6 Bf8 23. Be5 Rh7 24. Qg3 Rh5 25. Kf2 Bg7 26. Bd6 Bf8 27. Be5 Be7 28. Rh1 Rf8 29. a3 Rh7 30. h5 f4 31. Nxf4 Nxf4 32. Bxf4 Rxf4+ 33. Kg2 Rf5 34. hxg6 Rxh1 35. Kxh1 Rxg5 36. Qf4 Rxg6 37. Rf1 Bf6 38. Qb8+ Kg7 39. Rf2 e3 0-1

[Event "Northern Alberta op"]
[Site "Edmonton CAN"]
[Date "2004.02.22"]
[Round "4"]
[White "Hughey, Micah"]
[Black "Quiring, John"]
[Result "0-1"]
[WhiteElo "2042"]
[BlackElo "1866"]
[PlyCount "34"]
[GameId "2160767911183735"]
[EventDate "2004.02.21"]
[EventType "swiss"]
[EventRounds "5"]
[EventCountry "CAN"]

1. e4 e5 2. Nf3 d6 3. Bc4 Be7 4. d4 Nd7 5. O-O Ngf6 6. Bxf7+ Kxf7 7. Ng5+ Kg6 8. f4 exf4 9. Ne6 Qg8 10. Nxc7 Rb8 11. Bxf4 Qc4 12. Nd5 Nxd5 13. Na3 Qc6 14. Qg4+ Kf7 15. exd5 Qxd5 16. Bxd6+ Nf6 17. Rxf6+ Bxf6 0-1

[Event "Northern Alberta op"]
[Site "Edmonton CAN"]
[Date "2004.02.22"]
[Round "4"]
[White "Stark, Mark"]
[Black "Yearwood, Roy"]
[Result "1/2-1/2"]
[WhiteElo "1863"]
[BlackElo "2071"]
[PlyCount "37"]
[GameId "2160767911183736"]
[EventDate "2004.02.21"]
[EventType "swiss"]
[EventRounds "5"]
[EventCountry "CAN"]

1. d4 e6 2. c4 Nf6 3. Nf3 c5 4. d5 exd5 5. cxd5 Bd6 6. Bg5 h6 7. Bh4 Qa5+ 8. Nc3 Ne4 9. Qc2 Nxc3 10. Qxc3 Bc7 11. Nd2 O-O 12. Be7 Re8 13. Bxc5 Qxc3 14. bxc3 Na6 15. Bd4 Be5 16. Bxe5 Rxe5 17. c4 d6 18. f3 Nb4 19. Kf2 1/2-1/2

[Event "Northern Alberta op"]
[Site "Edmonton CAN"]
[Date "2004.02.22"]
[Round "5"]
[White "Gardner, Robert"]
[Black "Daniluk, Jim"]
[Result "1-0"]
[WhiteElo "2257"]
[BlackElo "1990"]
[PlyCount "77"]
[GameId "2160767911183737"]
[EventDate "2004.02.21"]
[EventType "swiss"]
[EventRounds "5"]
[EventCountry "CAN"]
[SourceTitle "EXT 2006"]
[Source "ChessBase"]
[SourceDate "2005.11.24"]
[SourceVersion "1"]
[SourceVersionDate "2005.11.24"]
[SourceQuality "1"]

1. g3 d5 2. Bg2 Nf6 3. d3 g6 4. Nf3 Bg7 5. Nbd2 O-O 6. c4 c6 7. O-O Nbd7 8. Rb1 e5 9. b3 Re8 10. Bb2 e4 11. dxe4 dxe4 12. Ng5 e3 13. fxe3 h6 14. Nge4 Ng4 15. Bxg7 Nxe3 16. Qc1 Nxf1 17. Qc3 Nxd2 18. Bxh6 Re5 19. Bxd2 Qe7 20. Qf3 Rf5 21. Qd3 Ne5 22. Qc3 Rh5 23. Rf1 Bf5 24. Bg5 Rxg5 25. Nxg5 Nxc4 26. Nxf7 Qe3+ 27. Qxe3 Nxe3 28. Rf3 Kxf7 29. Rxe3 Rd8 30. a3 Rd2 31. Kf2 a5 32. Be4 Bg4 33. Bd3 Rb2 34. Bc4+ Kf6 35. a4 Rb1 36. Re8 b5 37. axb5 cxb5 38. Bxb5 Rxb3 39. Bd3 1-0